| 000 | 00636nam a2200205 i 4500 | ||
|---|---|---|---|
| 001 | 124534 | ||
| 003 | ES-MaACL | ||
| 005 | 20250813062625.0 | ||
| 007 | t| | ||
| 008 | 070329s1933 sp ||||1| spa d | ||
| 100 | 1 |
_aJuaristi, Victoriano, _d1880-1949 _967170 |
|
| 245 | 1 | 0 |
_aEsmaltes _b: con especial mención de los españoles / _cVictoriano Juaristi. |
| 260 |
_aBarcelona : _bLabor, _c[1933] |
||
| 300 |
_a286 p., LI p. lám. : _bil. ; _c17 cm. |
||
| 490 | 1 |
_aColección Labor ; _v317, 318 |
|
| 650 | 1 | 4 |
_aEsmaltes. _912460 |
| 830 | 0 | 0 |
_aColección Labor _v317, 318 _9184254 |
| 852 |
_aES-MaACL _jE-2807 |
||
| 999 |
_c124534 _d124534 |
||